00526nam a2200193 i 4500001000300000100001900003245005500022260003700077300003400114500001700148504002500165040000800190041000800198080001200206942000700218008004100225999001700266952004900283bg1 aFISTUL', V. I. 0aVvedenie v fiziku poluprovodnikow /cV.I. Fistul'. aMoskva :bVyssaja Skola",c1975. as. 295, nlb. 1 :brys., tabl. a[Alf. ros.]. a[Zawiera bibliogr.]. cBPK apol a537.311 cKS s pl f |000 0 pol  c16266d16266 00104070aBPKbBPKcwo19891p01708165yKS